K novému programu výchovné práce v jeslích a v mateřských školách

Bibliographic Details
Main Author: Jírová, Miloslava, 1919- (Author)
Format: Article
Language:Czech

MARC

LEADER 00000nab a2200000uu 4500
001 vtls011438030
003 SK-MaSNL
005 20260303145607.0
008 230222| xo |||||||||||||||||cze|
015 |a SNBRB 
035 |a (urnnbn)urn:nbn:sk:snk:ar-002nul 
035 |a (uuid)200d66b1-9d80-46b2-bdca-43c1f66730cf 
035 |a urn:nbn:sk:snk-abcd1x 
040 |a SNKBUCL  |b slo  |c SNKBUCL  |e AACR2 
041 0 |a cze 
044 |a xo  |c SK 
100 1 |a Jírová, Miloslava,  |d 1919-  |4 aut  |9 6866 
245 1 0 |a K novému programu výchovné práce v jeslích a v mateřských školách  |c Miloslava Jírová 
773 0 |t Predškolská výchova : pedagogický časopis pre učiteľky materských škôl  |g Roč. 32, č. 1 (1977-1978), s. 2-5 
958 |a OND 
958 |a EUIPO 
958 |a article16 
999 |c 2003997  |d 2005927